000 00876nas a2200289 4500
001 BR0002536
003 BR-BrBNA
005 20231205101847.0
007 ta
008 230509b bl.|||p| |||| 00| 00por d
040 _aBR-BrBNA
_bpor
_cBiblioteca Nacional de Agricultura
041 _a(Pt)
072 _aF30
100 1 _aCarbonell, S.A.M.
100 1 _aPompeu, A.S.
245 1 _aEstabilidade fenotipica de linhagens de feijoeiro em tres epocas de plantio no Estado de Sao Paulo
650 _aFeijao
650 _aVariedade
650 _aLinhagem
650 _aCondicao Ambiental
650 _aPlantio
650 _aCaracteristicas Agronomicas
650 _aSao Paulo
773 0 _tPesquisa Agropecuaria Brasileira (Brazil)
_xISSN 0100-204X
_g(Feb 2000), v. 35(2) p. 321-329
_wBR0002536
909 _a202311
_bLúcia
_c55
_dLúcia Elande
942 _2AGRIS
_n0
_cANA
999 _c164377
_d164377